<?xml version="1.0" encoding="UTF-8"?>
<record
    xmlns:xsi="http://www.w3.org/2001/XMLSchema-instance"
    xsi:schemaLocation="http://www.loc.gov/MARC21/slim http://www.loc.gov/standards/marcxml/schema/MARC21slim.xsd"
    xmlns="http://www.loc.gov/MARC21/slim">

  <leader>02688nam a22002777a 4500</leader>
  <controlfield tag="005">20250809093049.0</controlfield>
  <controlfield tag="008">230704b           ||||| |||| 00| 0 eng d</controlfield>
  <datafield tag="020" ind1=" " ind2=" ">
    <subfield code="a">9780135298893</subfield>
  </datafield>
  <datafield tag="040" ind1=" " ind2=" ">
    <subfield code="c">AL</subfield>
  </datafield>
  <datafield tag="041" ind1=" " ind2=" ">
    <subfield code="a">eng</subfield>
  </datafield>
  <datafield tag="082" ind1=" " ind2=" ">
    <subfield code="2">23</subfield>
    <subfield code="a">006.686</subfield>
    <subfield code="b">JAGP</subfield>
  </datafield>
  <datafield tag="100" ind1=" " ind2=" ">
    <subfield code="a">Maxim Jago</subfield>
    <subfield code="9">234796</subfield>
  </datafield>
  <datafield tag="245" ind1=" " ind2=" ">
    <subfield code="a">Pr Abode Premiere Pro CC 2019 release</subfield>
  </datafield>
  <datafield tag="260" ind1=" " ind2=" ">
    <subfield code="a">California</subfield>
    <subfield code="b">Abode Systms Incorporated</subfield>
    <subfield code="c">2019</subfield>
  </datafield>
  <datafield tag="300" ind1=" " ind2=" ">
    <subfield code="a">xix,461p.</subfield>
    <subfield code="b">PB</subfield>
    <subfield code="c">23x18cm.</subfield>
  </datafield>
  <datafield tag="365" ind1=" " ind2=" ">
    <subfield code="2">Computer Science</subfield>
    <subfield code="c">$</subfield>
    <subfield code="d">59.99</subfield>
  </datafield>
  <datafield tag="520" ind1=" " ind2=" ">
    <subfield code="a">Creative professionals seeking the fastest, easiest, most comprehensive way to learn Adobe Premiere Pro CC (2018 release) choose Adobe Premiere Pro CC Classroom in a Book (2019 release) from Adobe Press. The 18 project-based lessons in this book show users step-by-step the key techniques for working in Premiere Pro. Learn to edit video in Adobe Premiere Pro CC 2019 and get the most out of your workflow. Learn how to take a project from beginning to end, organize media, add audio, create transitions, produce titles and captions, and add effects. Take your projects further by sweetening and mixing sound, compositing footage, adjusting color, using advanced editing techniques, managing projects, working with 360 video for VR headsets, animating graphics and video, exporting, and much more. Workflows incorporating Adobe Photoshop, Adobe After Effects, and Adobe Audition expand your creative options.
The online companion files include all the necessary assets for readers to complete the projects featured in each chapter as well as ebook updates when Adobe releases relevant new features for Creative Cloud customers. All buyers of the book get full access to the Web Edition: a Web-based version of the complete ebook enhanced with video and multiple-choice quizzes. 
</subfield>
  </datafield>
  <datafield tag="521" ind1=" " ind2=" ">
    <subfield code="a"> Table of contents Touring Adobe Premiere Pro CC Setting Up a Project Importing Media Organizing Media Mastering the Essentials of Video Editing Working with Clips and Markers Adding Transitions Mastering Advanced Editing Techniques Putting Clips in Motion Editing and Mixing Audio Sweetening Sound Adding Video Effects Improving Clips with Color Correction and Grading Exploring Compositing Techniques Creating Graphics Exporting Frames, Clips, and Sequences Browse results PreviousBack to resultsNext Place hold Print Save to your lists Add to your cart Save record More searches</subfield>
  </datafield>
  <datafield tag="650" ind1=" " ind2=" ">
    <subfield code="a">Importing Media</subfield>
    <subfield code="9">125369</subfield>
  </datafield>
  <datafield tag="650" ind1=" " ind2=" ">
    <subfield code="a">Organizing Media</subfield>
    <subfield code="9">125370</subfield>
  </datafield>
  <datafield tag="650" ind1=" " ind2=" ">
    <subfield code="a">Video Editing</subfield>
    <subfield code="9">125371</subfield>
  </datafield>
  <datafield tag="650" ind1=" " ind2=" ">
    <subfield code="a">Compositing Techniques</subfield>
    <subfield code="9">125372</subfield>
  </datafield>
  <datafield tag="650" ind1=" " ind2=" ">
    <subfield code="a">Creating Graphics</subfield>
    <subfield code="9">125373</subfield>
  </datafield>
  <datafield tag="650" ind1=" " ind2=" ">
    <subfield code="a">Classroom in a Book The Official Training Workbook from Abode</subfield>
    <subfield code="9">234797</subfield>
  </datafield>
  <datafield tag="942" ind1=" " ind2=" ">
    <subfield code="2">ddc</subfield>
    <subfield code="c">BK</subfield>
  </datafield>
  <datafield tag="999" ind1=" " ind2=" ">
    <subfield code="c">227741</subfield>
    <subfield code="d">227741</subfield>
  </datafield>
  <datafield tag="952" ind1=" " ind2=" ">
    <subfield code="0">0</subfield>
    <subfield code="1">0</subfield>
    <subfield code="2">ddc</subfield>
    <subfield code="4">0</subfield>
    <subfield code="7">3</subfield>
    <subfield code="8">CAA</subfield>
    <subfield code="a">AL</subfield>
    <subfield code="b">AL</subfield>
    <subfield code="c">RS</subfield>
    <subfield code="d">2023-07-03</subfield>
    <subfield code="e">Biblios Book Point Surathkal Mangalore 575014</subfield>
    <subfield code="g">4094.00</subfield>
    <subfield code="l">0</subfield>
    <subfield code="o">006.686 JAGP</subfield>
    <subfield code="p">076561</subfield>
    <subfield code="r">2023-07-04 00:00:00</subfield>
    <subfield code="v">5117.15</subfield>
    <subfield code="w">2023-07-04</subfield>
    <subfield code="y">REF</subfield>
  </datafield>
</record>
